Normal view
MARC view
Entry Personal Name
001 - CONTROL NUMBER
- control field: 264874
003 - CONTROL NUMBER IDENTIFIER
- control field: OSt
005 - DATE AND TIME OF LATEST TRANSACTION
- control field: 20260601140551.0
008 - FIXED-LENGTH DATA ELEMENTS
- fixed length control field: 260601|| aca||aabn | a|a d
040 ## - CATALOGING SOURCE
- Original cataloging agency: OSt
- Transcribing agency: OSt
100 ## - HEADING--PERSONAL NAME
- Personal name: BURLI (K S).
- Dates associated with a name: ಬುರ್ಲಿ (ಕೆ ಎಸ್)
670 ## - SOURCE DATA FOUND
- Source citation: Work cat.: (OSt)101098: BURLI (K S). ಬುರ್ಲಿ (ಕೆ ಎಸ್), Nimma Vyaktitva., 1977